000 01195nam a22003497a 4500
003 CHAP
005 20220329135147.0
008 971013s1968 r 00010 d
010 _a31888
011 _a32860
035 _a36975
040 _cCHAP
090 _aTesis
100 0 0 _aMartínez Herrera, María Luisa.
_972169
245 _aEfecto de ciertos hongos sobre el valor nutritivo, calidad y conservación del maíz en Guatemala
260 _aGuatemala :
_bEl autor,
_c1968
300 _a73 p
502 _aTesis (Ingeniero Agrónomo) -- Universidad de San Carlos de Guatemala. Fac. de Agronomía
590 _aALEPH
_b10
_c20130110
_lUCH01
_h1254
590 _aBATCH-UPD
_b10
_c20130110
_lUCH01
_h0305
590 _aBATCH-UPD
_b10
_c20130110
_lUCH01
_h1428
590 _aBATCH-UPD
_b10
_c20130409
_lUCH01
_h2337
590 _aBATCH-UPD
_b10
_c20130410
_lUCH01
_h1603
590 _aBATCH-UPD
_b10
_c20130914
_lUCH01
_h1746
590 _aCONVERSION
_b10
_c20130109
_lUCH01
_h1318
650 1 4 _aMaíz
_xAlmacenamiento.
_970853
650 1 4 _aMaíz
_xGuatemala.
_970970
650 1 4 _aMaíz
_xValor nutritivo.
_971080
901 _aBK
942 _cTESIS
949 _bBC
_cTES
_d-84925
_eTS1
_i36975
_si
999 _c31888
_d31888